000 02589cpcaa2200457 4500
001 mm 79055129
003 DLC
005 20260227111657.0
007 cr |||||||||||
008 790830|||||||||||| eng
010 _amm 79055129
_bms 80002065
040 _aDLC
_cDLC
_edacs
_dDLC
072 7 _aR
_2lcmd
100 1 _aLongworth, Nicholas,
_d1869-1931.
245 0 0 _aNicholas Longworth papers,
_f1782-1931
_g(bulk 1915-1930).
300 _a1,800
_fitems.
300 _a4
_fcontainers plus
_a2
_foversize.
300 _a2.4
_flinear feet.
506 0 _aOpen to research.
520 8 _aCorrespondence, speeches, newspaper clippings, scrapbooks, and memorabilia consisting chiefly of speeches by Longworth while serving in the House of Representatives. Includes scrapbooks concerning his student days at Harvard; a series of letters from various individuals written in 1907 to President Theodore Roosevelt concerning the nomination of an African American to be surveyor of customs for the Port of Cincinnati; letters (1823, 1824, and 1860) written by Longworth's grandfather Nicholas Longworth (1782-1863); and an album of letters of speakers of the House of Representatives.
544 _3Photographs
_etransferred to
_aLibrary of Congress Prints and Photographs Division.
544 _3Sheet music
_etransferred to
_aLibrary of Congress Music Division.
545 0 _aLawyer and U.S. representative from Ohio.
546 _aCollection material in English.
555 8 _aFinding aid available in the Library of Congress Manuscript Reading Room and at
_uhttp://hdl.loc.gov/loc.mss/eadmss.ms006041
600 1 0 _aLongworth, N.
_q(Nicholas),
_d1782-1863
_vCorrespondence.
600 1 0 _aRoosevelt, Theodore,
_d1858-1919
_vCorrespondence.
610 1 0 _aUnited States.
_bCongress.
_bHouse.
610 1 0 _aUnited States.
_bCongress.
_bHouse.
_bOffice of the Speaker of the House
_vCorrespondence.
610 2 0 _aHarvard University
_xStudents.
650 0 _aUniversities and colleges
_zMassachusetts.
650 0 _aAfrican Americans
_zOhio
_zCincinnati.
651 0 _aUnited States
_xPolitics and government
_y1901-1953.
656 7 _aLawyers.
_2itoamc
656 7 _aRepresentatives, U.S. Congress
_zOhio.
_2itoamc
856 4 _3Finding aid
_uhttp://hdl.loc.gov/loc.mss/eadmss.ms006041
856 4 _3Finding aid (PDF)
_uhttp://hdl.loc.gov/loc.mss/eadmss.ms006041.3
999 _c42339
_d42339